| 000 | 01037nam a22002777a 4500 | ||
|---|---|---|---|
| 999 |
_c6653 _d6653 |
||
| 003 | OSt | ||
| 005 | 20200317090631.0 | ||
| 008 | 200317s1961 sp ||||fr|||| 00| 0 spa d | ||
| 040 |
_aCO-JMCR _cCO-JMCR |
||
| 041 | 0 | _aspa | |
| 082 | 0 | 4 |
_a658.01 / _bS211d |
| 100 | 1 |
_aSánchez Gil, M., _eautor _91607 |
|
| 245 | 1 | 0 |
_aDeontología de ingenieros y directivos de empresa / _cM. Sanchez Gil |
| 250 | _a2a. edición | ||
| 260 |
_aMadrid : _bAguilar, _c1961 |
||
| 300 |
_axxiii, 453 páginas ; _c22 cm. |
||
| 490 | 0 | _aBiblioteca de ciencias sociales. Sección segunda: sociología | |
| 500 | _aIncluye notas a pie de página. | ||
| 504 | _aBibliografía: 443-453 | ||
| 505 | 0 | _aÁreas circumprofesionales -- Polígono de la justicia -- Esfera empresarial -- Esfera técnica -- Esfera social-laboral -- Esfera comercial -- Esfera legal | |
| 650 | 1 | 4 |
_aÉtica de los negocios _91608 |
| 650 | 1 | 4 |
_aPsicologia industrial _91609 |
| 650 | 1 | 4 |
_aAdministración de personal _91610 |
| 650 | 1 | 4 |
_aRendimiento industrial _91611 |
| 942 |
_2ddc _cBK |
||